| 000 | 01431cam7a220040901 4500 | ||
|---|---|---|---|
| 001 | lce00367855 | ||
| 003 | DLC | ||
| 005 | 20190826094706.0 | ||
| 008 | 750824c19299999nyumn1 i 0 a0eng d | ||
| 010 |
_zsc 78000574 ; _z 30023807 //r582 ; a12.1..1.11 |
||
| 022 | 0 | _a0013-1385 | |
| 032 |
_a880600 _bUSPS |
||
| 035 | _a(Sirsi) r17488 | ||
| 035 | _a(OCoLC)1567550 | ||
| 035 | _a(DNLM)E02060000(s) | ||
| 035 | _a(DLC)sc 78000574 | ||
| 035 | _a(UPRA)lce00367855 | ||
| 037 |
_bH. W. Wilson Co., 950 University Ave., Bronx, NY 10452 _c _26.00 |
||
| 040 |
_aMnMULS _cMnMULS _dCtY _dNSDP _dDLC _dNSDP _dDLC _dOCoLC _dOCoLC _dNSDP _dOCoLC _dNSDP _dDLC _dNST _dNSDP _dDLC _dUPRA |
||
| 042 |
_ansdp _alc |
||
| 050 | 0 | 0 |
_aZ5813 _b.E23 |
| 060 | 0 | _aZLA 11 E24 | |
| 082 | 1 | 0 |
_a370 _211 |
| 210 | 0 | _aEduc. index | |
| 222 | 0 | _aEducation index | |
| 245 | 0 | 0 | _aEducation index. |
| 260 |
_aNew York : _bH.W. Wilson Co. |
||
| 310 | _aMonthly (except July and Aug.) | ||
| 362 | 0 | _aVol. 1- Jan. 1929- | |
| 580 | _aCD-ROM ed. available: Education index (Bronx, New York, N.Y.) | ||
| 710 | 2 |
_aH.W. Wilson Company. _6A55269.3 |
|
| 775 | 1 |
_tEducation index (Bronx, New York, N.Y.) _x1076-707X _w(DLC)sn 94003877. |
|
| 949 |
_aZ5813 _wlcc _mMAIN _tBOOK _lON-SHELF |
||
| 004 | 17488 | ||
| 987 |
_aHoldings : use? _bcard doesn't specify what volumes or editions are available. |
||
| 999 |
_c160797 _d160797 |
||